000 00481cam a2200145 4500500
005 20260322001513.0
041 _afre
042 _adc
100 1 0 _ade Tilly, Marine
_eauthor
245 0 0 _aVie publique, vie privée : où sont les limites ?
260 _c2008.
500 _a49
786 0 _nPhilosophie magazine | 19 | 5 | 2008-05-01 | p. 17-17 | 1951-1787
856 4 1 _uhttps://shs.cairn.info/magazine-philosophie-magazine-2008-5-page-17?lang=fr&redirect-ssocas=7080
999 _c1715358
_d1715358